Statistics for Newest Capital

Click here to take the quiz!

General Stats

  • This quiz has been taken 59 times
    (39 since last reset)
  • The average score is 6 of 13

Answer Stats

YearCapital CityCountry% Correct
2011JubaSouth Sudan
78%
2008PristinaKosovo
78%
2006PodgoricaMontenegro
61%
2002DiliTimor-Leste
58%
1997Nur-SultanKazakhstan
58%
2018GitegaBurundi
47%
2005NaypyidawMyanmar
47%
1993AsmaraEritrea
42%
2006NgerulmudPalau
42%
1993BratislavaSlovakia
36%
1996DodomaTanzania
33%
2012KutaisiGeorgia
6%
1999PutrajayaMalaysia
6%

Score Distribution

Percentile by Number Answered

Percent of People with Each Score

Your Score History

You have not taken this quiz since the last reset